[Event "Challenge"]
[Site "http://www.queenalice.com/game.php?id=193015"]
[Date "2007.4.6"]
[Round "-"]
[White "cachoeira"]
[Black "manuele"]
[Result "0-1"]
[WhiteElo "1432"]
[BlackElo "1739"]

1. e4 b6 2. Nc3 Bb7 3. Nf3 g6 4. e5 Bg7 5. Bc4 Nc6 6. d3 Nxe5 7. Ng5 e6 8. Qf3
Bxf3 9. gxf3 Bh6 10. Nge4 d5 11. Bb5+ c6 12. Ba4 dxe4 13. Nxe4 b5 14. Bb3 Bxc1
15. Rxc1 Nxf3+ 16. Ke2 f5 17. Ng3 Nd4+ 18. Kf1 Nxb3 19. Re1 Qd5 20. axb3 f4 21.
Ne4 Ke7 22. Rg1 Nf6 23. b4 Nxe4 24. dxe4 Qc4+ 25. Kg2 Rad8 26. b3 Qxb4 27. e5
Rd2 28. h4 Rhd8 29. Ref1 Qe4+ 30. Kh2 Qf3 31. b4 Rxf2+ 32. Rg2 Rxf1 33. c3 Rd3
0-1

[Event "Challenge"]
[Site "http://www.queenalice.com/game.php?id=193168"]
[Date "2007.4.7"]
[Round "-"]
[White "manuele"]
[Black "RubendeNunes"]
[Result "0-1"]
[WhiteElo "1644"]
[BlackElo "1500"]

1. c4 e5 2. d4 Nc6 3. e3 Nf6 4. Ne2 d5 5. a3 dxc4 6. Qc2 Be6 7. Nbc3 exd4 8.
exd4 Nxd4 9. Qd2 Nxe2 10. Bxe2 Bc5 11. O-O O-O 12. Rd1 Ng4 13. Ne4 b6 14. Qc2
Qh4 15. Bxg4 Qxg4 16. h3 Qf5 17. Be3 Rad8 18. Rxd8 Rxd8 19. Rd1 Rxd1+ 20. Qxd1
Qxe4 21. Qd8+ Bf8 22. Qxc7 Qb1+ 23. Kh2 Qxb2 24. Qxa7 c3 25. Bxb6 c2 26. Bc5
Bxc5 27. Qxc5 c1=Q 28. Qa7 Qf4+ 29. g3 Qfxf2+ 30. Qxf2 Qxf2+ 31. Kh1 Bd5# 0-1

[Event "Challenge"]
[Site "http://www.queenalice.com/game.php?id=193177"]
[Date "2007.4.7"]
[Round "-"]
[White "queiroga"]
[Black "manuele"]
[Result "1/2-1/2"]
[WhiteElo "1339"]
[BlackElo "1724"]

1. e3 f5 2. Nf3 Nc6 3. c3 Nf6 4. g3 a6 5. b3 b5 6. Ba3 Bb7 7. d4 g6 8. Bg2 e6 9.
Ne5 d5 10. O-O Nxe5 11. dxe5 Nd7 12. c4 Nxe5 13. Qd4 Bg7 14. f4 Nf3+ 15. Bxf3
Bxd4 16. exd4 dxc4 17. Bxb7 Qxd4+ 18. Kg2 Rd8 19. Nc3 Qxc3 20. Bxa6 b4 21. Rac1
Rd2+ 22. Rf2 Rxf2+ 23. Kxf2 Qd2+ 24. Kg1 bxa3 25. Rxc4 Kf7 26. Rxc7+ Kf6 27. Bc4
Rd8 28. Bf1 Qe1 29. Rc2 Rd1 30. Rf2 Rd2 31. Rxd2 Qxd2 32. b4 Qxa2 33. b5 Qb2 34.
Bc4 Qd4+ 35. Kf1 Qxc4+ 36. Kg2 Qxb5 37. Kh3 a2 38. Kh4 a1=Q 39. h3 Qa3 40. g4
Qe2 41. g5+ Kg7 1/2-1/2

[Event "Challenge"]
[Site "http://www.queenalice.com/game.php?id=193620"]
[Date "2007.4.8"]
[Round "-"]
[White "RubendeNunes"]
[Black "manuele"]
[Result "0-1"]
[WhiteElo "1772"]
[BlackElo "1553"]

1. e4 e6 2. d4 g6 3. d5 d6 4. Nc3 Ne7 5. Bg5 Bg7 6. Nf3 h6 7. Bxe7 Qxe7 8. dxe6
Bxe6 9. b3 Bxc3+ 10. Ke2 Bxa1 11. Qxa1 Rh7 12. e5 Nc6 13. Qc3 Nxe5 14. Nxe5 dxe5
15. Qxe5 Bc4+ 0-1

[Event "Challenge"]
[Site "http://www.queenalice.com/game.php?id=193706"]
[Date "2007.4.8"]
[Round "-"]
[White "manuele"]
[Black "RubendeNunes"]
[Result "1-0"]
[WhiteElo "1609"]
[BlackElo "1566"]

1. d4 d5 2. Nc3 Nf6 3. g3 Nc6 4. Bg2 e6 5. Bg5 Be7 6. h4 O-O 7. e3 h6 8. Bf4 Bd6
9. Nge2 e5 10. dxe5 Nxe5 11. Nxd5 Nxd5 12. Qxd5 Bb4+ 13. Kf1 Be6 14. Qxd8 Raxd8
15. Bxe5 Bc4 16. a3 Rd2 17. axb4 Rfd8 18. Bf3 Rd1+ 19. Rxd1 Rxd1+ 20. Kg2 Rd2
21. Nd4 f6 22. Bxc7 g5 23. Bxb7 f5 24. hxg5 hxg5 25. b3 Bf7 26. Be5 Kf8 27. Rh8+
Ke7 28. Nc6+ 1-0

[Event "Challenge"]
[Site "http://www.queenalice.com/game.php?id=194065"]
[Date "2007.4.9"]
[Round "-"]
[White "manuele"]
[Black "REUSKING"]
[Result "1-0"]
[WhiteElo "1671"]
[BlackElo "1911"]

1. d4 d5 2. c4 e6 3. Nf3 Nf6 4. Nc3 Be7 5. Bg5 O-O 6. e3 Nbd7 7. cxd5 Nxd5 8.
Bxe7 Qxe7 9. Rc1 c6 10. Be2 Nxc3 11. Rxc3 e5 12. O-O exd4 13. Qxd4 Nf6 14. Rd1
Bf5 15. Qa4 a6 16. Bd3 Bxd3 17. Rcxd3 Rad8 18. Qb3 Rxd3 19. Qxd3 h6 20. a3 Rc8
21. Nh4 Rc7 22. Nf5 Qd7 23. Qc2 Qe8 24. f3 Rd7 25. e4 Qd8 26. Rxd7 Qxd7 27. Qc3
Kh7 28. h3 Ne8 29. Kf2 f6 30. b4 Nc7 31. Qd4 Qxd4+ 32. Nxd4 Kg6 33. Ke3 Kf7 34.
a4 g6 35. g4 Ne6 36. h4 Nxd4 37. Kxd4 b6 38. a5 c5+ 39. Kc4 b5+ 40. Kxc5 Ke6 41.
Kb6 1-0

[Event "Challenge"]
[Site "http://www.queenalice.com/game.php?id=194295"]
[Date "2007.4.9"]
[Round "-"]
[White "hk1960"]
[Black "manuele"]
[Result "0-1"]
[WhiteElo "966"]
[BlackElo "1649"]

1. d4 d5 2. Qd3 Nf6 3. Qb5+ Nc6 4. f4 g6 5. Qd3 Bg7 6. h4 Bf5 7. Kd1 Bxd3 8.
exd3 Nxd4 9. c3 Ne6 10. b4 Nxf4 11. Bxf4 Ng4 12. Nd2 Nf2+ 13. Ke1 Nxh1 14. g3 e5
15. Bg5 Bf6 16. Rb1 Bxg5 17. b5 Bh6 18. b6 cxb6 19. Bg2 Nxg3 20. Kf2 Qxh4 21.
Re1 Nh1+ 22. Ke2 Qf2+ 23. Kd1 Qxd2# 0-1

[Event "Challenge"]
[Site "http://www.queenalice.com/game.php?id=194304"]
[Date "2007.4.9"]
[Round "-"]
[White "RubendeNunes"]
[Black "manuele"]
[Result "0-1"]
[WhiteElo "1494"]
[BlackElo "1649"]

1. d4 d5 2. Nc3 Nf6 3. Nf3 Bf5 4. e3 e6 5. Bd3 Bb4 6. Bd2 O-O 7. O-O Nc6 8. Re1
Ne4 9. Ne2 Bd6 10. c4 Nxf2 11. Kxf2 Bxd3 12. Nf4 Bxc4 13. Qa4 g5 14. b3 Ba6 15.
Nh5 g4 16. Ng1 Qh4+ 17. g3 Qxh2# 0-1

[Event "Challenge"]
[Site "http://www.queenalice.com/game.php?id=195336"]
[Date "2007.4.11"]
[Round "-"]
[White "manuele"]
[Black "queiroga"]
[Result "1-0"]
[WhiteElo "1695"]
[BlackElo "1353"]

1. d4 Nc6 2. Nf3 e6 3. b3 b6 4. Bb2 Ba6 5. e3 Bxf1 6. Rxf1 Qf6 7. Na3 Qg6 8. Nb5
O-O-O 9. Qe2 Nb4 10. Qc4 Nxc2+ 11. Kd1 c6 12. Nxa7+ Kb8 13. Ne5 Qf5 14. Rc1
Nxe3+ 15. fxe3 Qh5+ 16. g4 Qg5 17. Naxc6+ Kc8 18. Ne7+ Kb8 19. Qc7+ Ka8 20.
Qxd8+ Ka7 21. Rc7+ Ka6 22. Qa8+ Kb5 23. Qa4# 1-0

[Event "Challenge"]
[Site "http://www.queenalice.com/game.php?id=196229"]
[Date "2007.4.13"]
[Round "-"]
[White "manuele"]
[Black "Nyvang"]
[Result "1-0"]
[WhiteElo "1699"]
[BlackElo "1692"]

1. d4 g6 2. Nc3 b6 3. b3 Bg7 4. Bb2 d5 5. g3 Nf6 6. Bg2 O-O 7. e4 Bb7 8. Nh3
dxe4 9. O-O c5 10. Re1 cxd4 11. Nxe4 e5 12. Nxf6+ 1-0

[Event "Challenge"]
[Site "http://www.queenalice.com/game.php?id=197050"]
[Date "2007.4.15"]
[Round "-"]
[White "queiroga"]
[Black "manuele"]
[Result "1/2-1/2"]
[WhiteElo "1365"]
[BlackElo "1742"]

1. e4 Nc6 2. c4 h6 3. a4 d6 4. h4 h5 5. b3 Nd4 6. Bb2 c5 7. g3 Bg4 8. Be2 Nf6 9.
Nc3 Qb6 10. Nd5 Nxd5 11. cxd5 Qb4 12. f3 Nxf3+ 13. Nxf3 Qxe4 14. Bc3 Qxd5 15.
Ba5 Rc8 16. Bb5+ Bd7 17. Bc4 Qf5 18. O-O e6 19. d4 Bc6 20. Ne5 Qxf1+ 21. Qxf1
dxe5 22. dxe5 Rg8 23. Qd3 f5 24. Rd1 b6 25. Bd2 Rd8 26. Qe2 Be7 27. Bxe6 Rh8 28.
Bg5 Bxg5 29. hxg5 Ke7 30. Rxd8 Rxd8 31. Bxf5 Bd5 32. Qa6 Ra8 33. Qb5 Rd8 34. a5
Be6 35. Bg6 Rd1+ 36. Kf2 Bd7 37. Qa6 Rd2+ 38. Kf3 Bg4+ 39. Kf4 Rf2+ 40. Ke3 Re2+
41. Qxe2 Bxe2 42. Kxe2 Ke6 43. Bxh5 Kxe5 44. axb6 axb6 45. Ke3 Kf5 46. Kf3 Kxg5
47. Be8 Kf5 48. Bd7+ Ke5 49. g4 Kd4 50. Be6 Ke5 51. Bc4 g6 52. Kg3 g5 53. Kf3
1/2-1/2

[Event "Challenge"]
[Site "http://www.queenalice.com/game.php?id=198745"]
[Date "2007.4.18"]
[Round "-"]
[White "RubendeNunes"]
[Black "manuele"]
[Result "0-1"]
[WhiteElo "1399"]
[BlackElo "1726"]

1. e4 d5 2. Bd3 g6 3. Nc3 e6 4. Nf3 Bb4 5. O-O b6 6. a3 Bb7 7. axb4 dxe4 8. Nxe4
Bxe4 9. Bxe4 c6 10. b5 Nf6 11. Re1 Qd6 12. c4 Nxe4 13. Rxe4 h6 14. b3 Nd7 15.
Ba3 Nc5 16. Ne5 cxb5 17. cxb5 O-O 18. d4 Nxe4 19. Bxd6 Nxd6 20. Nd7 Rfd8 21.
Nf6+ Kg7 22. Qf3 Nf5 23. Ng4 Rac8 24. Rd1 Rd5 25. g3 h5 26. Ne5 Rc7 27. g4 Nxd4
28. Qe3 Rc3 0-1

[Event "me me me vs you you you"]
[Site "http://www.queenalice.com/game.php?id=198826"]
[Date "2007.4.18"]
[Round "-"]
[White "saraquette"]
[Black "manuele"]
[Result "1-0"]
[WhiteElo "1778"]
[BlackElo "1714"]

1. d4 b6 2. c4 g6 3. Nf3 Bg7 4. e4 d6 5. Nc3 Bb7 6. Be2 c5 7. O-O Bxd4 8. Nxd4
cxd4 9. Qxd4 e5 10. Qe3 h5 11. Rd1 Nf6 12. f3 g5 13. Qxg5 Ke7 14. Qh4 Rh7 15.
Bg5 Nd7 16. Rd2 Qg8 17. Rad1 Qg6 18. Nd5+ Bxd5 19. Rxd5 Kf8 20. Rxd6 Rg7 21.
Rxd7 Qxg5 22. Qxg5 Rxg5 23. Rc7 Ke8 24. Rd6 Nh7 25. Rdd7 Rg7 26. Rxa7 Rxa7 27.
Rxa7 Nf6 28. Kf2 Kf8 29. b4 Ne8 30. c5 bxc5 31. bxc5 f6 32. Ra8 Rc7 33. Bb5 Re7
34. a4 Kf7 35. Bc4+ Kf8 36. Bb5 Kf7 37. Bxe8+ Rxe8 38. Rxe8 Kxe8 39. Ke3 h4 40.
Kd3 Kd7 41. Kc4 Kc6 42. Kb4 Kc7 43. Kb5 Kd7 44. Kb6 Kc8 45. c6 f5 46. exf5 1-0

[Event "Challenge"]
[Site "http://www.queenalice.com/game.php?id=200841"]
[Date "2007.4.22"]
[Round "-"]
[White "manuele"]
[Black "Bidas"]
[Result "0-1"]
[WhiteElo "1688"]
[BlackElo "1581"]

1. e3 c5 2. g3 d6 3. Qf3 Nc6 4. Bc4 e6 5. Nc3 Nge7 6. a3 f5 7. e4 e5 8. Nd5 Nd4
9. Qd3 b6 10. c3 Qd7 11. cxd4 exd4 12. exf5 Nxf5 13. g4 Ne7 14. Nxe7 Qxe7+ 15.
Ne2 Bxg4 16. h3 Bh5 17. b3 g6 18. Bb2 Bg7 19. O-O-O Bxe2 20. Qxe2 Qxe2 21. Bxe2
a6 22. a4 Bf6 23. Rde1 Kd7 0-1

[Event "Challenge"]
[Site "http://www.queenalice.com/game.php?id=200866"]
[Date "2007.4.22"]
[Round "-"]
[White "manuele"]
[Black "GildemarSantos"]
[Result "0-1"]
[WhiteElo "1749"]
[BlackElo "1749"]

1. e4 c5 2. Nf3 d6 3. b3 Nf6 4. Bb2 Nxe4 5. g3 e6 6. Bg2 Nf6 7. c4 Be7 8. O-O
O-O 9. Qc2 g6 10. h3 Nc6 11. Na3 Nb4 12. Qd1 Nd3 13. Qc2 Nxb2 14. Qxb2 Nd7 15.
Qc2 Bf6 16. Rad1 Rb8 17. h4 b6 18. g4 Ne5 19. Nxe5 Bxe5 20. Nb5 Qxh4 21. Nxa7
Qh2# 0-1

[Event "Challenge"]
[Site "http://www.queenalice.com/game.php?id=201210"]
[Date "2007.4.23"]
[Round "-"]
[White "Mike36bh"]
[Black "manuele"]
[Result "1/2-1/2"]
[WhiteElo "1763"]
[BlackElo "1727"]

1. d4 Nf6 2. Nc3 b6 3. Bf4 Bb7 4. e3 h6 5. Nf3 g5 6. Be5 Bg7 7. h3 Nc6 8. d5
Nxe5 9. Nxe5 Nxd5 10. Nxd5 Bxe5 11. e4 f5 12. Bc4 e6 13. Qh5+ Kf8 14. Nc3 Bxc3+
15. bxc3 Bxe4 16. O-O Qf6 17. Rad1 d5 18. Bd3 Kg7 19. Bxe4 fxe4 20. Qg4 Raf8 21.
f4 Qxc3 22. fxg5 Rxf1+ 23. Rxf1 Qe3+ 24. Kh2 Qxg5 25. Qxe6 Rf8 26. Qd7+ Kg8 27.
Qe6+ Kg7 28. Qd7+ Kg8 29. Qe6+ Kg7 1/2-1/2

[Event "Challenge"]
[Site "http://www.queenalice.com/game.php?id=205871"]
[Date "2007.5.4"]
[Round "-"]
[White "technicaldraw"]
[Black "manuele"]
[Result "1-0"]
[WhiteElo "2092"]
[BlackElo "1741"]

1. e4 e6 2. d4 b6 3. Bd3 Bb7 4. c4 c5 5. d5 g6 6. Nf3 Bg7 7. Nc3 Bxc3+ 8. bxc3
exd5 9. cxd5 Qe7 10. c4 f5 11. O-O Nf6 12. exf5 O-O 13. Bh6 Re8 14. fxg6 Ng4 15.
gxh7+ Kh8 16. Re1 Qf7 17. Bd2 d6 18. Rxe8+ Qxe8 19. Bc3+ Ne5 20. Qe2 Nd7 21.
Nxe5 dxe5 22. f4 Qe7 23. fxe5 Nf8 24. e6+ 1-0

[Event "Challenge"]
[Site "http://www.queenalice.com/game.php?id=209779"]
[Date "2007.5.12"]
[Round "-"]
[White "manuele"]
[Black "Mike36bh"]
[Result "0-1"]
[WhiteElo "1729"]
[BlackElo "1756"]

1. e3 e5 2. Qf3 d5 3. b3 a6 4. Bb2 Bd6 5. Qxd5 Nf6 6. Qc4 b5 7. Qd3 Nc6 8. Nf3
e4 9. Qc3 Bd7 10. Nd4 Nxd4 11. Qxd4 O-O 12. h3 Qe7 13. g4 c5 14. Qc3 b4 15. Qc4
Bb5 16. Qxb5 axb5 17. Bxb5 Be5 18. d4 cxd4 19. exd4 Bf4 20. Nd2 Bxd2+ 21. Kxd2
e3+ 22. Ke2 exf2+ 23. Kxf2 Ne4+ 24. Ke1 Qh4+ 25. Ke2 Qf2+ 26. Kd3 Qf3+ 27. Kc4
Nd6+ 0-1

[Event "Challenge"]
[Site "http://www.queenalice.com/game.php?id=210872"]
[Date "2007.5.14"]
[Round "-"]
[White "chronorook"]
[Black "manuele"]
[Result "1-0"]
[WhiteElo "1772"]
[BlackElo "1701"]

1. e4 e6 2. c4 Bc5 3. d4 Bb4+ 4. Bd2 Bxd2+ 5. Qxd2 b6 6. Nf3 Bb7 7. Bd3 Na6 8.
b4 c5 9. b5 Nb4 10. a3 Nxd3+ 11. Qxd3 d6 12. Nc3 Nf6 13. Rd1 Qe7 14. O-O O-O-O
15. e5 dxe5 16. Nxe5 Rxd4 17. Qe2 Rxd1 18. Rxd1 Rd8 19. Rxd8+ Kxd8 20. Nc6+ Bxc6
21. bxc6 Qd6 22. Nb5 Qxc6 23. Qe5 Qd7 24. h3 a6 25. Qb8+ 1-0